Maltoviny - ich výroba, vlastnosti a upotrebenie

Bibliographic Details
Main Author: Figuš, Viliam, 1905-1976 (Author)
Format: Book
Language:Slovak
PhysicalDescription:209 [2] s. fotogr., ilustr., tab. 21 cm
Published: Bratislava Práca 1952
Series:Knižnica stavebného priemyslu
Subjects:

MARC

LEADER 00000cam a2200000 a 4500
001 vtls008370610
003 SK-MaSNL
005 20260301075345.0
008 230403s1952 xo oa 000 0 slo
015 |a SNBA19451955-002677 
035 |a SK01SNKBKSFS20020062827 
035 |a urn:nbn:sk:snk-am3irc0 
035 |a 714A6F29-A1DE-4A9C-A13B-8AEABD8759A4 
035 |a urn:nbn:sk:snk-am00fex8 
035 |a SKM000065290 
040 |a SNK  |b slo  |c SNK  |e AACR2 
041 0 |a slo 
044 |a xo  |c SK 
080 |a 666.91/.96  |2 2001 
080 |a (035)  |2 2001 
100 1 |a Figuš, Viliam,  |d 1905-1976  |4 aut  |9 37270 
245 1 0 |a Maltoviny - ich výroba, vlastnosti a upotrebenie  |c Viliam Figuš 
260 |a Bratislava  |b Práca  |c 1952  |e Bratislava  |f Práca 
300 |a 209 [2] s.  |b fotogr., ilustr., tab.  |c 21 cm 
366 |e 10400 výtl. 
490 1 |a Knižnica stavebného priemyslu  |v sv. 6 
650 0 7 |a maltoviny  |2 SNKPH  |9 123527 
655 7 |a príručky  |2 SNKPH  |9 74364 
830 0 |a Knižnica stavebného priemyslu  |9 359033 
852 |a Slovenská národná knižnica 
954 |a odborná, vedecká literatúra pôvodná (slovenská)  |2 lita 
958 |a OND 
958 |a RK 
958 |a TL 
958 |a EUIPO 
999 |c 649939  |d 651869 
952 |a SNK  |b SNK  |y VYP  |7 0  |p 17A0698444  |o snkSD 7366/6 D1  |i snkF 6196/63  |8 5  |0 0  |1 0  |4 0  |d 2011-06-04  |l 0  |r 2026-02-23 18:19:31  |w 2026-02-23 
952 |a SNK  |b SNK  |y PREZ  |7 0  |p 17A0912403  |o snkSD 7366/6  |i snk3948/52  |0 0  |1 0  |4 0  |d 2020-07-16  |f 1  |l 0  |r 2025-11-17 00:00:00  |w 2026-02-23